000 00305nam a2200133 i 4500
001 bg
100 1 _aWŁODEK, S.
245 0 _aPodstawy inżynierii środowiska /
_cS. Włodek.
260 _aWarszawa,
_c1978.
040 _cBPK
041 _apol
942 _cKS
008 s pl f |000 0 pol
999 _c1540
_d1540
856 _uhttp://koha.tu.koszalin.pl/cgi-bin/koha/opac-detail.pl?biblionumber=1540
_yKatalog online BPK